EVALUACION DE PROYECTOS SOCIALES (Registro nro. 52011)
[ vista simple ]
| 000 -LEADER | |
|---|---|
| fixed length control field | 00861nam a2200205 a 4500 |
| 001 - CONTROL NUMBER | |
| control field | 52011 |
| 005 - DATE AND TIME OF LATEST TRANSACTION | |
| control field | 20180714041706.0 |
| 008 - FIXED-LENGTH DATA ELEMENTS--GENERAL INFORMATION | |
| fixed length control field | 140415s1997 mx 000 0 spa d |
| 020 ## - INTERNATIONAL STANDARD BOOK NUMBER | |
| International Standard Book Number | 9682317681 |
| 041 ## - LANGUAGE CODE | |
| Language code of text/sound track or separate title | spa |
| 082 ## - DEWEY DECIMAL CLASSIFICATION NUMBER | |
| Classification number | 362.98 |
| Item number | COH |
| 100 1# - MAIN ENTRY--PERSONAL NAME | |
| Personal name | COHEN, ERNESTO |
| 245 10 - TITLE STATEMENT | |
| Title | EVALUACION DE PROYECTOS SOCIALES |
| 250 ## - EDITION STATEMENT | |
| Edition statement | 4ed. |
| 260 ## - PUBLICATION, DISTRIBUTION, ETC. | |
| Place of publication, distribution, etc. | MEXICO : |
| Name of publisher, distributor, etc. | SIGLO XXI, |
| Date of publication, distribution, etc. | 1997 |
| 300 ## - PHYSICAL DESCRIPTION | |
| Extent | 323 |
| Dimensions | 13.5 x 1.9 x 21.6 |
| 520 ## - SUMMARY, ETC. | |
| Summary, etc. | ESTE LIBRO PRETENDE CONTRIBUIR A MEJORAR LOS RESULTADOS DE LA POLITICA SOCIAL, PROPORCIONANDO ORIENTACION METODOLOGICA EN UN AREA IMPORTANTE COMO ES LA EVALUACION EX ANTE COMO LA EX POST DE PROYECTOS SOCIALES TANTO SI REQUIEREN OBRA FISICA COMO SI ELLA NO ES NECESARIA PARA SU POSTERIOR OPERACION. |
| 650 14 - SUBJECT ADDED ENTRY--TOPICAL TERM | |
| Topical term or geographic name entry element | GASTO PUBLICO |
| General subdivision | METODOLOGIA |
| -- | POLITICA SOCIAL |
| -- | PRESUPUESTO |
| 700 1# - ADDED ENTRY--PERSONAL NAME | |
| Personal name | FRANCO, ROLANDO |
| Relator term | coaut. |
| Withdrawn status | Lost status | Source of classification or shelving scheme | Damaged status | Not for loan | Collection code | Home library | Current library | Shelving location | Date acquired | Source of acquisition | Inventory number | Total Checkouts | Full call number | Barcode | Date last seen | Price effective from | Koha item type |
|---|---|---|---|---|---|---|---|---|---|---|---|---|---|---|---|---|---|
| Dewey Decimal Classification | General | Biblioteca Karol Wojtyla | Biblioteca Karol Wojtyla | Sala general | 03/12/2013 | Compra | 151000000000000000048295 | 362.98 COH | 77370 | 05/01/2026 | 03/12/2013 | Libro |